10 verbes portugais, au présent - 1 - Statistiques

Statistiques générales
  • Ce quiz a été pris 191 fois
  • Le résultat moyen est 34 sur 50
Statistiques - réponses
Hint Réponse % Correct
Eu sou
94%
Être Ser
93%
Nós somos
90%
Você/ele/ela é
88%
Nós estamos
81%
Être Estar
81%
Eu estou
81%
Faire Fazer
81%
Vocês/eles/elas são
81%
Eu tenho
79%
Avoir Ter
79%
Você/ele/ela está
78%
Aller Ir
76%
Você/ele/ela faz
75%
Vocês/eles/elas têm
75%
Você/ele/ela tem
73%
Nós temos
73%
Eu vou
73%
Vocês/eles/elas estão
72%
Pouvoir Poder
72%
Nós vamos
72%
Nós fazemos
70%
Vocês/eles/elas fazem
69%
Voir Ver
69%
Nós podemos
67%
Você/ele/ela vai
67%
Eu faço
66%
Você/ele/ela pode
66%
Eu posso
66%
Você/ele/ela diz
64%
Vocês/eles/elas podem
64%
Savoir Saber
64%
Nós dizemos
63%
Dire Dizer
63%
Vocês/eles/elas vão
63%
Vocês/eles/elas dizem
61%
Você/ele/ela sabe
58%
Nós sabemos
58%
Você/ele/ela
58%
Nós vemos
58%
Donner Dar
55%
Eu digo
55%
Vocês/eles/elas sabem
55%
Você/ele/ela
52%
Nós damos
52%
Eu dou
52%
Eu sei
52%
Vocês/eles/elas dão
45%
Vocês/eles/elas veem
45%
Eu vejo
40%
Aucun quiz correspondant
Distribution des résultats
% des personnes avec chaque résultat
Percentile par nombre de réponses
Votre historique - résultats
Vous n’avez pas pris ce quiz